| 000 | 00366nam a22001337a 4500 | ||
|---|---|---|---|
| 005 | 20240131235157.0 | ||
| 008 | 240131b |||||||| |||| 00| 0 eng d | ||
| 082 |
_222 _a305.8. |
||
| 245 | _aEthnic identity and the status of women : | ||
| 260 |
_aSri Lanka, _bInternational Centre for ethnic studies, _c1984. |
||
| 300 | _a 26 p., | ||
| 650 | _aSocial class. | ||
| 942 | _cL | ||
| 999 |
_c251 _d251 |
||